NBA Finals Losers and All-Stars - Statistics

General Stats
  • This quiz has been taken 14 times
  • The average score is 81 of 158
Answer Stats
Year Team Player % Correct
2023 Heat Bam Adebayo
100%
Bam Adebayo
100%
Devin Booker
100%
2022 Celtics Jayson Tatum
100%
2020 Heat Jimmy Butler
100%
Kevin Durant
100%
2024 Mavericks Luka Dončić
100%
2019 Warriors Steph Curry
100%
2021 Suns Chris Paul
92%
Klay Thompson
92%
2018 Cavaliers LeBron James
92%
2001 76ers Allen Iverson
83%
2005 Pistons Ben Wallace
83%
Chris Bosh
83%
Chris Bosh
83%
2006 Mavericks Dirk Nowitzki
83%
Draymond Green
83%
2009 Magic Dwight Howard
83%
Dwyane Wade
83%
Dwyane Wade
83%
1996 SuperSonics Gary Payton
83%
2003 Nets Jason Kidd
83%
2002 Nets Jason Kidd
83%
John Stockton
83%
1998 Jazz Karl Malone
83%
1997 Jazz Karl Malone
83%
2012 Thunder Kevin Durant
83%
2010 Celtics Kevin Garnett
83%
Klay Thompson
83%
2008 Lakers Kobe Bryant
83%
Kobe Bryant
83%
Kyrie Irving
83%
Kyrie Irving
83%
2017 Cavaliers LeBron James
83%
2015 Cavaliers LeBron James
83%
2014 Heat LeBron James
83%
2011 Heat LeBron James
83%
2007 Cavaliers LeBron James
83%
2025 Pacers Pascal Siakam
83%
1994 Knicks Patrick Ewing
83%
Paul Pierce
83%
Penny Hardaway
83%
Rajon Rondo
83%
2000 Pacers Reggie Miller
83%
Russell Westbrook
83%
2004 Lakers Shaquille O'Neal
83%
1995 Magic Shaquille O'Neal
83%
2016 Warriors Steph Curry
83%
2013 Spurs Tim Duncan
83%
Tony Parker
83%
1993 Suns Charles Barkley
75%
1992 Trail Blazers Clyde Drexler
75%
Kevin Love
75%
Kevin Love
75%
1990 Trail Blazers Clyde Drexler
67%
Dikembe Mutombo
67%
1988 Pistons Isiah Thomas
67%
James Worthy
67%
James Worthy
67%
1989 Lakers Kareem Abdul-Jabbar
67%
1987 Celtics Larry Bird
67%
1991 Lakers Magic Johnson
67%
Magic Johnson
67%
Shawn Kemp
67%
1986 Rockets Hakeem Olajuwon
58%
Jameer Nelson
58%
1982 76ers Julius Erving
58%
1984 Lakers Kareem Abdul-Jabbar
58%
1983 Lakers Kareem Abdul-Jabbar
58%
Kevin McHale
58%
1985 Celtics Larry Bird
58%
Magic Johnson
58%
Magic Johnson
58%
Robert Parish
58%
Robert Parish
58%
1958 Celtics Bill Russell
50%
Bob Cousy
50%
1961 Hawks Bob Pettit
50%
1960 Hawks Bob Pettit
50%
1957 Hawks Bob Pettit
50%
Dennis Johnson
50%
Elgin Baylor
50%
Elgin Baylor
50%
Elgin Baylor
50%
1959 Lakers Elgin Baylor
50%
1973 Lakers Jerry West
50%
1966 Lakers Jerry West
50%
1965 Lakers Jerry West
50%
1963 Lakers Jerry West
50%
1962 Lakers Jerry West
50%
1980 76ers Julius Erving
50%
1977 76ers Julius Erving
50%
1974 Bucks Kareem Abdul-Jabbar
50%
1981 Rockets Moses Malone
50%
Rashard Lewis
50%
1972 Knicks Walt Frazier
50%
Wes Unseld
50%
1964 Warriors Wilt Chamberlain
50%
Dan Majerle
42%
Elgin Baylor
42%
Elgin Baylor
42%
Elgin Baylor
42%
1979 Bullets Elvin Hayes
42%
1975 Bullets Elvin Hayes
42%
1970 Lakers Jerry West
42%
1969 Lakers Jerry West
42%
1968 Lakers Jerry West
42%
Ralph Sampson
42%
1971 Bullets Wes Unseld
42%
Wilt Chamberlain
42%
Wilt Chamberlain
42%
Bill Sharman
33%
Charles Oakley
33%
Gail Goodrich
33%
Jamaal Wilkes
33%
John Starks
33%
1967 Warriors Rick Barry
33%
Dave DeBusschere
25%
1954 Nationals Dolph Schayes
25%
George McGinnis
25%
1976 Suns Alvan Adams
17%
Bobby Jones
17%
Bob Dandridge
17%
Cliff Hagan
17%
Cliff Hagan
17%
Dale Davis
17%
1956 Pistons George Yardley
17%
1955 Pistons George Yardley
17%
Nate Thurmond
17%
Clyde Lovellette
8%
Clyde Lovellette
8%
Doug Collins
8%
Earl Monroe
8%
Larry Foust
8%
Larry Foust
8%
Phil Chenier
8%
Andy Phillip
0%
Archie Clark
0%
Carl Braun
0%
Dick Garmaker
0%
1952 Knicks Dick McGuire
0%
1951 Knicks Dick McGuire
0%
Ed Macauley
0%
Frank Selvy
0%
Gus Johnson
0%
Guy Rodgers
0%
1953 Knicks Harry Gallatin
0%
Harry Gallatin
0%
Harry Gallatin
0%
Larry Foust
0%
Max Zaslofsky
0%
Mel Hutchins
0%
Paul Seymour
0%
Rudy LaRusso
0%
Rudy LaRusso
0%
Rudy LaRusso
0%
Slater Martin
0%
Vince Boryla
0%
No matching quizzes found
Score Distribution
Percent of People with Each Score
Percentile by Number Answered
Your Score History
You have not taken this quiz